000 00208 a2200097 4500
001 5102
100 _aCrowharst,NH
245 _aelement of electron physics
260 _a
_bGernsback
_c
090 _c4246
_d4246
942 _aNUST-CAE
_cM
_c30541
999 _c240175
_d240175